000
00304nam a2200097Ia 4500
082
_a
658.3124 BUYS
245
0
_a
High-performance coaching for managers : 7 effective keys
100
_a
Buys, Lauron randburg, South Africa, 2010
_9
32670
942
_c
BK
008
210817s9999 xx 000 0 und d
999
_c
119962
_d
119961